000 00356cam a2200145ua 4500
041 _ahin
_h
082 _a891.43
_bANA/BH
100 _aAnathgopal, shevde .
245 _aBhagan mandir /
_cAnathgopal sheved.
_hTextual Documents
260 _a :
_bRajapal yada sangei ,
_c1960.
300 _a304 ; .
504 _a
942 _cBK
999 _c11960
_d11960